| 000 | 00599nam a2200193 a 4500 | ||
|---|---|---|---|
| 005 | 20260304063926.0 | ||
| 008 | 991125s1989 mx 000 0 spa u | ||
| 020 | _a9681240263 | ||
| 035 | _aUPN01000013556 | ||
| 049 | _aCG | ||
| 050 | 4 |
_aHT164 M6 _bD42 |
|
| 245 | 0 | 4 |
_aUna década de planeación urbano-regional en México, 1978-1988 / _cGustavo Garza, comp. |
| 260 |
_aMéxico : _bEl Colegio de México, _c1989. |
||
| 300 |
_a484 p. : _bil. |
||
| 650 | 4 |
_aPlanificación regional _zMéxico _xHistoria _91119 |
|
| 650 | 2 |
_aUrbanización _913708 |
|
| 700 | 1 |
_aGarza, Gustavo, _ecomp. |
|
| 905 | _aLibro | ||
| 999 |
_c13556 _d13556 |
||